000 00732nam a2200241 4500
003 OSt
005 20260601193847.0
008 260505b1971 nyua|||| |||| 00| 0 eng d
040 _aICI
_bspa
_cICI
041 _aeng
050 _aN4395
_bR388
100 1 _aRattenbury, Arnold,
_eautor
_931664
245 1 _aExhibition design :
_btheory and practice /
_cArnold Rattenbury
264 _aNew York :
_bVan Nostrand Reinhold Company ;
_aLondon :
_bStudio Vista,
_c1971
300 _a96 páginas
336 _atexto
_2rdacontent
337 _asin medio
_2rdamedia
338 _avolumen
_2rdacarrier
650 _aDiseño de exposiciones.
_931665
650 _aMuseografía.
650 _2Arquitectura de interiores.
942 _2lcc
_cB
_n1
999 _c21700
_d21700